| 000 | 00765nam a22002417a 4500 | ||
|---|---|---|---|
| 005 | 20170124110200.0 | ||
| 010 | _aB-422590 | ||
| 020 |
_c00.00 _a9788131731475 |
||
| 035 | _aB-422590 | ||
| 037 | _bCen Lib/Ret | ||
| 040 |
_aDPL _bEN |
||
| 082 |
_a174.4 _bBHA |
||
| 100 |
_aBhanu Murthy, K. V. _935847 |
||
| 245 |
_aPolitics, ethics and social resposibility of business / _cby K.V. Bhanu, Murthy [and] Usha Krishna |
||
| 260 |
_aNew Delhi _bDoring Kindersley _c2010 |
||
| 270 |
_bNew Delhi _a14 local shopping centre, Pachsheel park _e110017 |
||
| 300 |
_axii,314p. _c22cm(pbk) |
||
| 500 | _aIncludes index | ||
| 650 |
_aPsychology _986262 |
||
| 650 |
_aEthics _911191 |
||
| 700 |
_aUsha Krishna _986263 |
||
| 942 |
_2ddc _cEN _h171.4 _mBHA |
||
| 999 |
_c132823 _d132823 |
||